Bruno Mars Filmography - Statistics

General Stats
  • This quiz has been taken 29 times
    23 since last reset
  • The average score is 3 of 12
Answer Stats
Type Year Name % Correct
Film 2014 Rio 2
70%
TV Show 2010, 2012, 2014, 2016 Saturday Night Live
45%
Film 1992 Honeymoon in Vegas
30%
TV Show 2016 Jane the Virgin
30%
Commercial 2011 Bench
15%
TV Show 2011 Sesame Street
15%
TV Special 2014 Super Bowl XLVIII Halftime Show
15%
TV Show 2012 The Cleveland Show
15%
TV Special 2017 Bruno Mars: 24K Magic Live at the Apollo
10%
Documentary 2010 Love Cures Cancer: Bruno Mars Rocks Project Ethos
10%
TV Show 2016 The Ellen DeGeneres Show
10%
Commercial 2013 Estée Lauder 'Modern Muse' / Macy's
5%
No matching quizzes found
Score Distribution
Percent of People with Each Score
Percentile by Number Answered
Your Score History
You have not taken this quiz since the last reset